000 00786nam a2200229 i 4500
001 129826
003 ES-MaACL
005 20250804062621.0
007 t|
008 070709s1972 fr |||| | spa d
080 _a821.134.2-31"18"
100 1 _aPérez Galdós, Benito,
_d1843-1920
_990871
245 1 0 _aTristana /
_cBenito Pérez Galdós ; texte présenté et traduit par Suzanne Raphaël.
260 _a[París] :
_bAubier-Flammarion,
_c[1972]
300 _a375 p. ;
_c18 cm.
490 1 _aBilingue Aubier Flammarion ;
_v52
546 _aTexto en español y francés.
700 1 _aRaphaël, Suzanne.
_995458
830 0 _aBilingue Aubier Flammarion ;
_v52
_9219386
852 _aES-MaACL
_jE-11843
_z. - Biblioteca Jacinto Martínez Lacalle
999 _c129826
_d129826